|
|
|
|
| LEADER |
00000cam a2200000 a 4500 |
| 001 |
vtls001419127 |
| 003 |
SK-MaSNL |
| 005 |
20260301012738.0 |
| 008 |
240509s1957 rm frn2 01000 rum |
| 015 |
|
|
|a SNBZSA1957/09
|
| 020 |
|
|
|q (brožované)
|
| 035 |
|
|
|a SNK000373939
|
| 040 |
|
|
|a SNK
|b slo
|c SNK
|e AACR2
|
| 041 |
0 |
|
|a rum
|
| 043 |
|
|
|a e-rm---
|
| 044 |
|
|
|a rm
|c RO
|
| 072 |
|
7 |
|a 316.3
|x Globálne spoločnosti. Sociálna štruktúra. Sociálne skupiny
|2 konspekt
|
| 080 |
|
|
|a 316.344.8(=16)
|2 2011
|
| 080 |
|
|
|a (439.21)
|2 2011
|
| 080 |
|
|
|a (048.8)
|2 2011
|
| 080 |
|
|
|a (04)
|2 2011
|
| 100 |
1 |
|
|a Olteanu, Pandele,
|d 1908-1995
|4 aut
|9 11759
|
| 245 |
1 |
0 |
|a Numiri slave în Transilvania de nord
|c Pandele Olteanu
|
| 260 |
|
|
|a [Bucurest]
|b Societatea de ştinţe Istorice şi Filologice din R.P.R.
|c 1957
|
| 300 |
|
|
|a Strana 186-214
|c 24 cm
|
| 500 |
|
|
|a V dokumente neuvedené miesto vydania. Pravdepodobné miesto vydania: Bucurest
|
| 504 |
|
|
|a Obsahuje bibliografické odkazy
|
| 650 |
0 |
7 |
|a slovanstvo
|2 SNKPH
|9 15139
|
| 651 |
|
7 |
|a Sedmohradsko (Rumunsko)
|2 SNKPHgeo
|9 215368
|
| 655 |
|
7 |
|a štúdie
|2 SNKPH
|9 57033
|
| 655 |
|
7 |
|a separáty
|2 SNKPH
|9 70334
|
| 787 |
0 |
8 |
|i Separátny výtlačok z:
|t Limba si Literatura
|g Vol. 3, (1957)
|
| 852 |
|
|
|a Slovenská národná knižnica
|
| 954 |
|
|
|a odborná, vedecká literatúra cudzojazyčná (svetová)
|2 lita
|
| 958 |
|
|
|a EUIPO
|
| 958 |
|
|
|a RK
|
| 958 |
|
|
|a TL
|
| 958 |
|
|
|a OND
|
| 958 |
|
|
|a SS
|
| 958 |
|
|
|a ZS
|
| 958 |
|
|
|a SP
|
| 958 |
|
|
|a NB
|
| 958 |
|
|
|a RO
|
| 999 |
|
|
|c 554286
|d 556216
|
| 952 |
|
|
|a SNK
|b SNK
|y PREZ
|7 0
|p 17A0311750
|o snkSC 23135
|i snkD 1062/57
|8 1
|z S venovaním a podpisom autora
|0 0
|1 0
|4 0
|d 2001-08-23
|l 0
|r 2025-08-20 00:00:00
|w 2026-02-23
|